000 00644nam a2200193Ii 4500
003 JO-AjNU
008 230605s9999||||xx |||||||||||||| ||und||
040 _aJO-AjNU
_bara
_erda
_cJO-AjNU
041 _aara
050 1 4 _aHF5415.2.A2284.2006
100 3 _aعبدالمحسن،توفيق محمد,
_eauthor
_934184
245 0 0 _aبحوث التسويق وتحديات المنافسة الدولية
264 3 1 _aالقاهرة: دار النهضة العربية،2006
300 _a262ض
336 _atext
_btxt
_2rdacontent
337 _aunmediated
_bn
_2rdamedia
338 _avolume
_bnc
_2rdacarrier
650 4 _aالتسويق
_934185
999 _aA13987
_c17555
_d17555